Pregón de la Feria y de las Fiestas de la Ascensión / por el Excmo. Sr. D. Joaquín Buxó de Abaigar...
Descripción Física:
54 p. ; 24 cm
Materias:
Fira de l'Ascensió -- Granollers
MARC
| LEADER | 00000nam a2200000Ia 4500 | ||
|---|---|---|---|
| 001 | 2166 | ||
| 008 | 160829s1960 xx 000 0 cat d | ||
| 080 | |a M-3-359 | ||
| 110 | 1 | |a Barcelona (Catalunya : Província). |b President (1949-1967 : Buxó de Abaigar) |9 54218 | |
| 245 | |a Pregón de la Feria y de las Fiestas de la Ascensión / por el Excmo. Sr. D. Joaquín Buxó de Abaigar... | ||
| 260 | |a Barcelona : |b Diputació de Barcelona. Sección de Prensa, |c 1960 | ||
| 300 | |a 54 p. ; |c 24 cm | ||
| 590 | |a A la portada: '...pronunciado en Granollers el día 29 de abril de 1959 por el Excelentísimo Señor D. Joaquín Buxó de Abaigar' | ||
| 650 | |a Fira de l'Ascensió |x Granollers |9 23133 | ||
| 710 | 1 | |a Barcelona (Catalunya : Província). |b Diputació |9 52408 | |
| 901 | |a Arxiu | ||
| 942 | |n 1 |2 udc | ||
| 952 | |0 0 |1 0 |4 0 |6 M3359 |7 1 |9 42552 |a Arxiu |b Arxiu |d 2016-12-01 |l 0 |o M-3-359 |p 2166 |r 2016-12-01 00:00:00 |w 2016-12-01 |y ARXIU | ||
| 999 | |c 45057 |d 45057 | ||